000 01140nam a22002537a 4500
005 20170124103048.0
010 _aB-185261
020 _c295.00
_a8188684384
035 _aB-185261
037 _bCen Lib/Ret
040 _aDPL
_bHN
082 _a
_bजिज्ञासा
245 _aजिज्ञासा :
_cअनुवादक रिज़वानुर रहमान
_bअरबी कथा-संग्रह /
246 _aJigyasa : Arbi katha-sangreh /
_banuvadak Rizwanur Rehman
260 _aदिल्ली
_bअकादमिक एक्सेलेन्स
_c2007
270 _bदिल्ली
_e110031
_a42, एकता अपार्टमेंट्स, गीता कालोनी
300 _axii,128पृ.
_c21सेमी(सजिल्द)
650 _aहिन्दी साहित्य
_969694
650 _aहिन्दी -- कहानियाँ
_969695
650 _aHindi literature
_969696
650 _aHindi -- Stories
_969697
700 _aरिज़वानुर रहमान
_969698
942 _2ddc
_cHN
_h
_mजिज्ञासा
999 _c117036
_d117036